Statistics for Kid A - Radiohead

Click here to take the quiz!

General Stats

  • This quiz has been taken 7 times
  • The average score is 9 of 10

Answer Stats

Answer% Correct
Everything in Its Right Place
100%
Idioteque
100%
Kid A
100%
Motion Picture Soundtrack
100%
Morning Bell
86%
The National Anthem
86%
How to Disappear Completely
71%
In Limbo
71%
Optimistic
71%
Treefingers
71%

Score Distribution

Percentile by Number Answered

Percent of People with Each Score

Your Score History

You have not taken this quiz